Countries with the most Malayalis - Statistics

General Stats
  • This quiz has been taken 44 times
  • The average score is 12 of 20
Answer Stats
Countries Population % Correct
United States 300K
95%
India 35 M
89%
United Kingdom 45K
89%
Canada 78K
87%
United ArabEmirates 1M
84%
Saudi Arabia 595K
76%
Germany 25K-45K
68%
Kuwait 634K
68%
Australia 78K
66%
Qatar 754K
63%
Oman 195.3K
61%
Malaysia 369K
53%
Bahrain 101.5K
50%
New Zealand 9K
50%
Singapore 26K
50%
France 5K
47%
Pakistan 6K
42%
Ireland 24.6K
37%
Switzerland 5K
24%
Poland 7.1K
13%
No matching quizzes found
Score Distribution
Percent of People with Each Score
Percentile by Number Answered
Your Score History
You have not taken this quiz